000 00439nam a2200181Ia 4500
005 20250508151244.0
008 008 250505s9999 xx 000 0 eng d
037 _aTextual
040 _aFEDL
_beng
_cFEDL
041 _aeng
_2eng
084 _a901, UNE
_qFEDL
245 0 _aInterrelations of cultures
245 0 _cUNESCO
260 _c1953
300 _a387p.
942 _cTEXL
_h901, UNE
999 _c1328664
_d1328664